| 000 | 00000nam##2200000za#4500 |
| 001 | 9.643136 |
| 003 | CaOODSP |
| 005 | 20210624224029 |
| 007 | cr ||||||||||| |
| 008 | 150407|2008||||xxc|||||o f|0| 0 fre|d |
| 040 | |aCaOODSP|bfre |
| 043 | |an-cn--- |
| 086 | 1 |aCH4-162/2008F-PDF |
| 110 | 1 |aCanada. |bPatrimoine canadien. |
| 245 | 10|aPoints saillants des consultations sur la restructuration des programmes fédéraux destinés à l'industrie des périodiques : |h[ressource électronique]|brésumé |
| 260 | |aOttawa - Ontario : |bPatrimoine canadien |cJuillet 2008. |
| 300 | |a10p. |
| 590 | |a14-07-Supp|b2014-04-03 |
| 691 | 07|aÉdition|2gcpds |
| 691 | 07|aProgramme fédéral|2gcpds |
| 775 | 08|tHighlights from the consultations on redesigning federal programs for the periodical industry : |w(CaOODSP)9.699144 |
| 856 | 40|ahttp://publications.gc.ca|qPDF|s61 Ko|uhttps://publications.gc.ca/collections/collection_2014/pc-ch/CH4-162-2008-fra.pdf |